00473nam a2200145Ia 4500008004000000082001500040100002200055245003400077260003900111300000800150690001800158906001100176999001700187952012300204210210b1948 xxu||||| |||| 00| 0 eng d a305.4 MONN aMONTAGU (Ashley). aNatural superiority of women. aLondonbMacmillan & Co. Ltd.c1948 a191 aWomen Studies a041012 c91094d91094 001040708SociologyaALbALcSociologyd2021-02-17g0.00l0o305.4 MONNp041012r2021-02-17 00:00:00w2021-02-17yBK